<?xml version="1.0" encoding="UTF-8"?>
<record
    xmlns:xsi="http://www.w3.org/2001/XMLSchema-instance"
    xsi:schemaLocation="http://www.loc.gov/MARC21/slim http://www.loc.gov/standards/marcxml/schema/MARC21slim.xsd"
    xmlns="http://www.loc.gov/MARC21/slim">

  <leader>04012nam a2200385 a 4500</leader>
  <controlfield tag="003">CHAP</controlfield>
  <controlfield tag="005">20240612100741.0</controlfield>
  <controlfield tag="007">ta</controlfield>
  <controlfield tag="008">231011s2021    mx abdofo|||| 001 0 spa d</controlfield>
  <datafield tag="040" ind1=" " ind2=" ">
    <subfield code="e">rda</subfield>
  </datafield>
  <datafield tag="041" ind1=" " ind2=" ">
    <subfield code="a">spa</subfield>
    <subfield code="b">eng</subfield>
  </datafield>
  <datafield tag="100" ind1="1" ind2=" ">
    <subfield code="9">188117</subfield>
    <subfield code="a">Morales Gonz&#xE1;lez, Erika</subfield>
  </datafield>
  <datafield tag="240" ind1="1" ind2="0">
    <subfield code="a">The denominaci&#xF3;n of origin of mexican vanilla: a study from the different actors involved.</subfield>
    <subfield code="l">Espa&#xF1;ol</subfield>
  </datafield>
  <datafield tag="245" ind1="1" ind2="0">
    <subfield code="a">La denominaci&#xF3;n de origen de la vainilla mexicana :</subfield>
    <subfield code="b">un estudio desde los diferentes actores involucrados /</subfield>
    <subfield code="c">Erika Morales Gonz&#xE1;lez</subfield>
  </datafield>
  <datafield tag="264" ind1=" " ind2=" ">
    <subfield code="a">Chapingo, M&#xE9;xico :</subfield>
    <subfield code="b">El autor,</subfield>
    <subfield code="c">2021</subfield>
  </datafield>
  <datafield tag="300" ind1=" " ind2=" ">
    <subfield code="a">1 recurso en l&#xED;nea (xvi, 143 p&#xE1;ginas) : </subfield>
    <subfield code="b">ilustraciones, tablas, gr&#xE1;ficas, mapas, fotos</subfield>
  </datafield>
  <datafield tag="336" ind1=" " ind2=" ">
    <subfield code="2">rdacontent</subfield>
    <subfield code="a">texto</subfield>
    <subfield code="b">txt</subfield>
  </datafield>
  <datafield tag="337" ind1=" " ind2=" ">
    <subfield code="2">rdamedia</subfield>
    <subfield code="a">computadora</subfield>
    <subfield code="b">c</subfield>
  </datafield>
  <datafield tag="338" ind1=" " ind2=" ">
    <subfield code="2">rdacarrier</subfield>
    <subfield code="a">recurso en l&#xED;nea</subfield>
    <subfield code="b">cr</subfield>
  </datafield>
  <datafield tag="502" ind1=" " ind2=" ">
    <subfield code="a">Tesis</subfield>
    <subfield code="b">IA</subfield>
    <subfield code="c">Agroindustrias</subfield>
    <subfield code="d">2021</subfield>
    <subfield code="g">LIC</subfield>
  </datafield>
  <datafield tag="504" ind1=" " ind2=" ">
    <subfield code="a">Bibliograf&#xED;a: p&#xE1;ginas 110-117</subfield>
  </datafield>
  <datafield tag="520" ind1="3" ind2=" ">
    <subfield code="a">Las Denominaciones de Origen son de gran utilidad para reconocer a un productores como caracter&#xED;stico de una regi&#xF3;n en particular, lo que hace que &#xE9;sta tenga reconocimiento a nivel mundial por su producto, confiriendo una gran cantidad de ventajas a los productores de dichas regiones. La vainilla es uno de los productos que cuenta con denominaci&#xF3;n de origen en el territorio mexicano, principalmente en la regi&#xF3;n del Totonacapan. Se realiz&#xF3; un An&#xE1;lisis Conceptual para observar la reacci&#xF3;n de los participantes al mencionarles palabras diferentes. Se aplic&#xF3; una encuesta para Valoraci&#xF3;n Econ&#xF3;mica y Disposici&#xF3;n a Pagar en consumidores de vainilla de la Regi&#xF3;n. Se realizaron dos pruebas sensoriales las cuales fueron Perfil Flash y Sorting Task, para caracterizar muestras de vainilla. Mediante el An&#xE1;lisis Conceptual se lograron percibir diferencias entre las palabras mencionadas para cada frase inductora; se obtuvo una DAP de entre el 50% y el 75% por vainilla Natural, Producida por peque&#xF1;os productores y Originaria de la Regi&#xF3;n; se lograron caracterizar y diferenciar las muestras de vainilla con las t&#xE9;cnicas empleadas, obteni&#xE9;ndose resultados m&#xE1;s concisos en Sorting Task.</subfield>
  </datafield>
  <datafield tag="520" ind1="3" ind2=" ">
    <subfield code="a">The Denominations of Origin are very useful to recognize a product as characteristic of a particular region, which makes it have worldwide recognition for its product, conferring a large number of advantages to the producers of these regions. Vanilla is one of the products that has a designation of origin in the Mexican territory, mainly in the Totonacapan region. A Conceptual Analysis was carried out to observe the reaction of the participants when mentioning different words to them. A survey was applied for Economic Valuation and Willingness to Pay in vanilla consumers in the Region. Two sensory tests were performed which were Flash Profile and Sorting Task, to characterize vanilla samples. Through Conceptual Analysis it was possible to perceive differences between the words mentioned for each inducing phrase; A DBH of between 50% and 75% was obtained for Natural vanilla, Produced by small producers and Native to the Region; It was possible to characterize and differentiate the vanilla samples with the techniques used, obtaining concise results in the Sorting Task.</subfield>
  </datafield>
  <datafield tag="650" ind1="1" ind2="3">
    <subfield code="9">155161</subfield>
    <subfield code="a">Granos de vainilla</subfield>
    <subfield code="x">Evaluaci&#xF3;n sensorial de los alimentos</subfield>
    <subfield code="2">atg</subfield>
  </datafield>
  <datafield tag="650" ind1="1" ind2="3">
    <subfield code="9">155161</subfield>
    <subfield code="a">Granos de vainilla</subfield>
    <subfield code="x">Calidad del producto</subfield>
    <subfield code="2">atg</subfield>
  </datafield>
  <datafield tag="650" ind1="1" ind2="3">
    <subfield code="9">155161</subfield>
    <subfield code="a">Granos de vainilla</subfield>
    <subfield code="x">Industria y comercio</subfield>
    <subfield code="2">atg</subfield>
  </datafield>
  <datafield tag="650" ind1="1" ind2="3">
    <subfield code="9">155162</subfield>
    <subfield code="a">Vanilla beans</subfield>
    <subfield code="x">Sensory evaluation</subfield>
    <subfield code="2">atg</subfield>
  </datafield>
  <datafield tag="650" ind1="1" ind2="3">
    <subfield code="9">155162</subfield>
    <subfield code="a">Vanilla beans</subfield>
    <subfield code="x">Product quality</subfield>
    <subfield code="2">atg</subfield>
  </datafield>
  <datafield tag="650" ind1="1" ind2="3">
    <subfield code="9">155162</subfield>
    <subfield code="a">Vanilla beans</subfield>
    <subfield code="x">Industry and trade</subfield>
    <subfield code="2">atg</subfield>
  </datafield>
  <datafield tag="700" ind1="1" ind2=" ">
    <subfield code="9">147446</subfield>
    <subfield code="a">Espejel Garc&#xED;a, Anastacio</subfield>
    <subfield code="e">director</subfield>
  </datafield>
  <datafield tag="700" ind1="1" ind2=" ">
    <subfield code="a">Barrera Rodr&#xED;guez, Ariadna Isabel</subfield>
    <subfield code="e">asesora</subfield>
    <subfield code="9">163078</subfield>
  </datafield>
  <datafield tag="700" ind1="1" ind2=" ">
    <subfield code="9">188120</subfield>
    <subfield code="a">Garc&#xED;a Barr&#xF3;n, Sergio Erick</subfield>
    <subfield code="e">asesor</subfield>
  </datafield>
  <datafield tag="856" ind1="4" ind2="0">
    <subfield code="y">DESCARGAR PDF</subfield>
    <subfield code="u">http://10.13.5.2/tesis/tl/2021_IA_Morales_Gonzalez_Erika.pdf</subfield>
  </datafield>
  <datafield tag="942" ind1=" " ind2=" ">
    <subfield code="2">Clasificaci&#xF3;n Universidad Aut&#xF3;noma Chapingo</subfield>
    <subfield code="c">TD</subfield>
  </datafield>
  <datafield tag="999" ind1=" " ind2=" ">
    <subfield code="c">219257</subfield>
    <subfield code="d">219257</subfield>
  </datafield>
  <datafield tag="952" ind1=" " ind2=" ">
    <subfield code="0">0</subfield>
    <subfield code="1">0</subfield>
    <subfield code="2">local</subfield>
    <subfield code="4">0</subfield>
    <subfield code="7">0</subfield>
    <subfield code="8">TesDigL</subfield>
    <subfield code="a">IA_</subfield>
    <subfield code="b">IA_</subfield>
    <subfield code="c">E_L</subfield>
    <subfield code="d">2023-10-11</subfield>
    <subfield code="e">El autor</subfield>
    <subfield code="l">0</subfield>
    <subfield code="p">1201013792</subfield>
    <subfield code="r">2023-10-11 00:00:00</subfield>
    <subfield code="w">2023-10-11</subfield>
    <subfield code="y">TD</subfield>
  </datafield>
  <datafield tag="952" ind1=" " ind2=" ">
    <subfield code="0">0</subfield>
    <subfield code="1">0</subfield>
    <subfield code="2">local</subfield>
    <subfield code="4">0</subfield>
    <subfield code="5">1</subfield>
    <subfield code="7">0</subfield>
    <subfield code="8">TesDigL</subfield>
    <subfield code="a">BD</subfield>
    <subfield code="b">BD</subfield>
    <subfield code="c">E_L</subfield>
    <subfield code="d">2024-02-02</subfield>
    <subfield code="e">El autor</subfield>
    <subfield code="l">0</subfield>
    <subfield code="o">Tesis digital</subfield>
    <subfield code="p">1301013792</subfield>
    <subfield code="r">2024-02-02 00:00:00</subfield>
    <subfield code="w">2024-02-02</subfield>
    <subfield code="y">TD</subfield>
  </datafield>
</record>
